O tamanduá e as formigas (Record no. 140641)

MARC details
000 -LÍDER
campo de controle de tamanho fixo 00443 a2200193 4500
001 - NÚMERO DE CONTROLE
campo de controle 140641
040 ## - FONTE DA CATALOGAÇÃO
Instituição que transcreveu o registro Leonardo Da Vinci
041 ## - CÓDIGO DE IDIOMA
Código do idioma do texto/trilha sonora ou título diferente Português
082 ## - CDD - CLASSIFICAÇÃO DECIMAL DE DEWEY
Número de Classificação I F464t
Número do exemplar F464t
100 ## - ENTRADA PRINCIPAL--NOME PESSOAL
Nome pessoal FIALHO, Daniela
245 ## - TÍTULO
Título O tamanduá e as formigas
260 ## - PUBLICAÇÃO, DISTRIBUIÇÃO, ETC.
Nome do editor, distribuidor, etc. Seed
Data da publicação, distribuição, etc. 199-
300 ## - DESCRIÇÃO FÍSICA
Extensão 16
362 ## - DATAS DE PUBLICAÇÃO E/OU DESIGNAÇÃO SEQUENCIAL
Datas de publicação e/ou designação sequencial 199-0000
490 ## - TÍTULO DA SÉRIE
Título da série Bicho falante
500 ## - NOTA GERAL
Nota geral Alberto Naddeo(Ilustração)
697 ## - ENTRADA DE ASSUNTO LOCAL--ENTIDADE COLETIVA (RLIN)
Nome corporativo ou nome da jurisdição Literatura infantil
942 ## - ELEMENTOS DE ENTRADA ADICIONADOS (KOHA)
Tipo de material Koha Livros
Holdings
Situação do descarte Situação das perdas Situação física Não pode ser emprestado Biblioteca de origem Biblioteca atual Data de aquisição Total de empréstimos Número de chamada completo Código de barras Data de último acesso Data do preço efetivo Tipo de material Koha
        Leonardo Da Vinci - Osasco Leonardo Da Vinci - Osasco 27/03/2024   I F464t O001328 27/03/2024 27/03/2024 Livros